[Event "Kadettlandskamp NOR-SWE A 2018"]
[Site "NTG, Bærum, Norway"]
[Date "2018.12.16"]
[Round "9.3"]
[White "Söderström, Adrian"]
[Black "Sjøberg, Isak"]
[Result "1-0"]
[WhiteFideId "1745786"]
[WhiteElo "1949"]
[BlackElo "2019"]

1. d4 {[%clk 00:15:18]} {[%emt 00:00:02]} Nf6 {[%clk 00:15:18]} {[%emt
00:00:02]} 2. c4 {[%clk 00:15:27]} {[%emt 00:00:01]} e6 {[%clk 00:15:23]}
{[%emt 00:00:05]} 3. Nf3 {[%clk 00:15:35]} {[%emt 00:00:02]} c5 {[%clk
00:15:31]} {[%emt 00:00:02]} 4. d5 {[%clk 00:15:43]} {[%emt 00:00:02]} b5
{[%clk 00:15:39]} {[%emt 00:00:02]} 5. dxe6 {[%clk 00:15:49]} {[%emt 00:00:05]}
fxe6 {[%clk 00:15:47]} {[%emt 00:00:02]} 6. cxb5 {[%clk 00:15:57]} d5 {[%clk
00:15:55]} {[%emt 00:00:02]} 7. Nc3 {[%clk 00:16:05]} {[%emt 00:00:02]} Bd6
{[%clk 00:14:32]} {[%emt 00:01:33]} 8. e4 {[%clk 00:16:01]} {[%emt 00:00:13]}
d4 {[%clk 00:12:23]} {[%emt 00:02:20]} 9. e5 {[%clk 00:16:10]} {[%emt
00:00:01]} dxc3 {[%clk 00:12:28]} {[%emt 00:00:06]} 10. exf6 {[%clk 00:15:25]}
{[%emt 00:00:55]} O-O {[%clk 00:06:42]} {[%emt 00:05:55]} 11. fxg7 {[%clk
00:14:24]} {[%emt 00:01:11]} Rf7 {[%clk 00:06:49]} {[%emt 00:00:02]} 12. Bc4
{[%clk 00:13:33]} {[%emt 00:01:02]} Qe7 {[%clk 00:02:28]} {[%emt 00:04:31]} 13.
Qe2 {[%clk 00:11:50]} {[%emt 00:01:53]} a6 {[%clk 00:02:02]} {[%emt 00:00:36]}
14. Bg5 {[%clk 00:09:12]} {[%emt 00:02:48]} cxb2 {[%clk 00:01:35]} {[%emt
00:00:38]} 15. Qxb2 {[%clk 00:08:52]} {[%emt 00:00:29]} Qc7 {[%clk 00:01:27]}
{[%emt 00:00:18]} 16. b6 {[%clk 00:07:59]} {[%emt 00:01:04]} Qc6 {[%clk
00:01:20]} {[%emt 00:00:11]} 17. O-O {[%clk 00:06:22]} {[%emt 00:01:52]} Rxf3
{[%clk 00:00:56]} {[%emt 00:00:34]} 18. gxf3 {[%clk 00:06:31]} {[%emt
00:00:01]} Qxf3 {[%clk 00:01:04]} {[%emt 00:00:02]} 19. Qe2 {[%clk 00:06:36]}
{[%emt 00:00:05]} Qf5 {[%clk 00:01:13]} {[%emt 00:00:02]} 20. Bh4 {[%clk
00:06:23]} {[%emt 00:00:23]} Nc6 {[%clk 00:01:14]} {[%emt 00:00:08]} 21. b7
{[%clk 00:05:55]} {[%emt 00:00:39]} Qg6+ {[%clk 00:00:40]} {[%emt 00:00:44]} 22.
Bg3 {[%clk 00:05:55]} {[%emt 00:00:09]} Bxb7 {[%clk 00:00:22]} {[%emt
00:00:28]} 23. Qxe6+ Qxe6 {[%clk 00:00:30]} 24. Bxe6+ {[%clk 00:06:10]} {[%emt
00:00:01]} Kxg7 {[%clk 00:00:38]} {[%emt 00:00:02]} 25. Bxd6 {[%clk 00:06:05]}
{[%emt 00:00:15]} Kf6 {[%clk 00:00:44]} {[%emt 00:00:04]} 26. Bd5 {[%clk
00:06:07]} {[%emt 00:00:08]} Rd8 {[%clk 00:00:12]} {[%emt 00:00:42]} 27. Bxc6
{[%clk 00:06:02]} {[%emt 00:00:15]} Bxc6 {[%clk 00:00:20]} {[%emt 00:00:02]} 28.
Rfd1 {[%clk 00:05:57]} {[%emt 00:00:15]} Rg8+ {[%clk 00:00:26]} {[%emt
00:00:04]} 29. Bg3 {[%clk 00:06:06]} {[%emt 00:00:01]} h5 {[%clk 00:00:33]}
{[%emt 00:00:03]} 30. Rd6+ {[%clk 00:06:15]} 1-0

[Event "Kadettlandskamp NOR-SWE A 2018"]
[Site "NTG, Bærum, Norway"]
[Date "2018.12.16"]
[Round "9.4"]
[White "Vestby-Ellingsen, Mads"]
[Black "Jönsson, Jacob"]
[Result "1-0"]
[WhiteTitle "FM"]
[WhiteFideId "1520857"]
[BlackFideId "1726315"]
[WhiteElo "2009"]
[BlackElo "1724"]

1. e4 {[%clk 00:15:17]} {[%emt 00:00:02]} c5 {[%clk 00:15:19]} {[%emt
00:00:02]} 2. Nf3 {[%clk 00:15:23]} {[%emt 00:00:03]} Nc6 {[%clk 00:15:24]}
{[%emt 00:00:05]} 3. Nc3 {[%clk 00:15:11]} {[%emt 00:00:22]} g6 {[%clk
00:15:31]} {[%emt 00:00:04]} 4. d4 {[%clk 00:15:16]} {[%emt 00:00:05]} cxd4
{[%clk 00:15:35]} {[%emt 00:00:07]} 5. Nxd4 {[%clk 00:15:22]} {[%emt 00:00:03]}
Bg7 {[%clk 00:15:43]} {[%emt 00:00:02]} 6. Be3 {[%clk 00:15:30]} {[%emt
00:00:02]} d6 {[%clk 00:15:45]} {[%emt 00:00:08]} 7. Bc4 {[%clk 00:14:59]}
{[%emt 00:00:41]} Nf6 {[%clk 00:15:41]} {[%emt 00:00:14]} 8. h3 {[%clk
00:14:52]} {[%emt 00:00:16]} O-O {[%clk 00:15:48]} {[%emt 00:00:04]} 9. O-O
{[%clk 00:14:47]} {[%emt 00:00:15]} Bd7 {[%clk 00:15:42]} {[%emt 00:00:15]} 10.
Bb3 {[%clk 00:14:54]} {[%emt 00:00:04]} Rc8 {[%clk 00:15:49]} {[%emt 00:00:03]}
11. Re1 {[%clk 00:13:42]} {[%emt 00:01:22]} a6 {[%clk 00:14:23]} {[%emt
00:01:36]} 12. Kh1 {[%clk 00:11:20]} {[%emt 00:02:31]} Na5 {[%clk 00:13:52]}
{[%emt 00:00:41]} 13. Qd3 {[%clk 00:10:42]} {[%emt 00:00:48]} b5 {[%clk
00:12:13]} {[%emt 00:01:50]} 14. Rad1 {[%clk 00:10:48]} {[%emt 00:00:04]} Nc4
{[%clk 00:12:04]} {[%emt 00:00:19]} 15. Bc1 {[%clk 00:10:55]} {[%emt 00:00:02]}
Ne5 {[%clk 00:08:50]} {[%emt 00:03:25]} 16. Qe2 {[%clk 00:10:55]} {[%emt
00:00:10]} Qc7 {[%clk 00:05:04]} {[%emt 00:03:56]} 17. Nd5 {[%clk 00:10:21]}
{[%emt 00:00:44]} Nxd5 {[%clk 00:05:11]} {[%emt 00:00:04]} 18. exd5 {[%clk
00:10:26]} {[%emt 00:00:04]} Rfe8 {[%clk 00:04:45]} {[%emt 00:00:37]} 19. a3
{[%clk 00:07:27]} {[%emt 00:03:09]} Nc4 {[%clk 00:04:33]} {[%emt 00:00:21]} 20.
c3 {[%clk 00:07:23]} {[%emt 00:00:14]} e5 {[%clk 00:03:27]} {[%emt 00:01:16]}
21. dxe6 {[%clk 00:07:23]} {[%emt 00:00:10]} Bxe6 {[%clk 00:03:34]} {[%emt
00:00:02]} 22. Nxe6 {[%clk 00:06:55]} {[%emt 00:00:38]} Rxe6 {[%clk 00:03:42]}
{[%emt 00:00:02]} 23. Qd3 {[%clk 00:06:42]} {[%emt 00:00:23]} Rce8 {[%clk
00:03:36]} {[%emt 00:00:17]} 24. Rxe6 {[%clk 00:06:39]} {[%emt 00:00:13]} Rxe6
{[%clk 00:03:44]} {[%emt 00:00:02]} 25. Qf3 {[%clk 00:05:20]} {[%emt 00:01:30]}
Qa7 {[%clk 00:02:29]} {[%emt 00:01:24]} 26. Bxc4 {[%clk 00:04:21]} {[%emt
00:01:09]} bxc4 {[%clk 00:02:37]} {[%emt 00:00:02]} 27. Be3 {[%clk 00:04:29]}
{[%emt 00:00:02]} Qb8 {[%clk 00:02:30]} {[%emt 00:00:16]} 28. Rd2 {[%clk
00:04:37]} {[%emt 00:00:03]} h5 {[%clk 00:02:11]} {[%emt 00:00:30]} 29. Qc6
{[%clk 00:04:21]} {[%emt 00:00:25]} Qb5 {[%clk 00:01:02]} {[%emt 00:01:19]} 30.
Qxb5 {[%clk 00:04:21]} {[%emt 00:00:10]} axb5 {[%clk 00:01:11]} {[%emt
00:00:02]} 31. Rd5 {[%clk 00:04:27]} {[%emt 00:00:02]} Re5 {[%clk 00:01:19]}
{[%emt 00:00:02]} 32. Rxd6 {[%clk 00:04:30]} {[%emt 00:00:07]} Bf8 {[%clk
00:01:27]} {[%emt 00:00:02]} 33. Rd8 {[%clk 00:04:29]} {[%emt 00:00:11]} g5
{[%clk 00:01:16]} {[%emt 00:00:22]} 34. Bd4 {[%clk 00:03:21]} {[%emt 00:01:17]}
Re1+ {[%clk 00:00:53]} {[%emt 00:00:34]} 35. Kh2 {[%clk 00:03:29]} {[%emt
00:00:01]} Rd1 {[%clk 00:01:01]} {[%emt 00:00:03]} 36. Rc8 {[%clk 00:03:12]}
{[%emt 00:00:26]} Rd2 {[%clk 00:00:52]} {[%emt 00:00:19]} 37. Bc5 {[%clk
00:03:08]} {[%emt 00:00:13]} Rxb2 {[%clk 00:00:59]} {[%emt 00:00:05]} 38. Bxf8
{[%clk 00:03:10]} {[%emt 00:00:08]} Kh7 {[%clk 00:01:05]} {[%emt 00:00:03]} 39.
Bc5 {[%clk 00:03:11]} {[%emt 00:00:10]} h4 {[%clk 00:00:54]} {[%emt 00:00:21]}
40. Bd4 {[%clk 00:02:48]} {[%emt 00:00:33]} Ra2 {[%clk 00:00:51]} {[%emt
00:00:13]} 41. Rc5 {[%clk 00:02:49]} {[%emt 00:00:08]} Kg6 {[%clk 00:00:50]}
{[%emt 00:00:12]} 42. Rxb5 {[%clk 00:02:54]} {[%emt 00:00:04]} Rxa3 {[%clk
00:00:59]} {[%emt 00:00:02]} 43. Rb6+ {[%clk 00:02:54]} {[%emt 00:00:10]} Kh5
{[%clk 00:01:00]} {[%emt 00:00:09]} 44. Rb4 {[%clk 00:02:32]} {[%emt 00:00:31]}
f5 {[%clk 00:00:59]} {[%emt 00:00:12]} 45. f3 {[%clk 00:02:27]} {[%emt
00:00:15]} g4 {[%clk 00:00:56]} {[%emt 00:00:14]} 46. fxg4+ {[%clk 00:02:31]}
{[%emt 00:00:05]} fxg4 {[%clk 00:01:05]} {[%emt 00:00:02]} 47. Rb5+ {[%clk
00:02:35]} {[%emt 00:00:05]} Kg6 {[%clk 00:01:12]} {[%emt 00:00:02]} 48. hxg4
{[%clk 00:02:42]} {[%emt 00:00:03]} Ra1 {[%clk 00:01:17]} {[%emt 00:00:06]} 49.
Rb4 {[%clk 00:02:41]} {[%emt 00:00:11]} Kg5 {[%clk 00:01:23]} {[%emt 00:00:04]}
50. Rxc4 {[%clk 00:02:48]} {[%emt 00:00:03]} Kxg4 {[%clk 00:01:31]} {[%emt
00:00:02]} 51. Bf2+ {[%clk 00:02:54]} {[%emt 00:00:04]} Kf5 {[%clk 00:01:38]}
{[%emt 00:00:03]} 52. Rxh4 {[%clk 00:02:59]} {[%emt 00:00:05]} Ra3 {[%clk
00:01:44]} {[%emt 00:00:04]} 53. c4 {[%clk 00:03:05]} {[%emt 00:00:04]} Rc3
{[%clk 00:01:53]} {[%emt 00:00:02]} 54. c5 {[%clk 00:03:12]} {[%emt 00:00:02]}
Kg5 {[%clk 00:02:00]} {[%emt 00:00:04]} 55. Rd4 {[%clk 00:03:18]} {[%emt
00:00:03]} Rxc5 {[%clk 00:01:55]} {[%emt 00:00:16]} 56. Rg4+ {[%clk 00:03:25]}
{[%emt 00:00:02]} Kxg4 {[%clk 00:02:04]} {[%emt 00:00:01]} 57. Bxc5 {[%clk
00:03:33]} {[%emt 00:00:02]} Kh4 {[%clk 00:02:12]} {[%emt 00:00:02]} 58. g3+
{[%clk 00:03:41]} {[%emt 00:00:02]} Kg4 {[%clk 00:02:21]} {[%emt 00:00:01]} 59.
Kg2 {[%clk 00:03:49]} Kg5 {[%clk 00:02:28]} {[%emt 00:00:03]} 60. Kf3 {[%clk
00:03:58]} {[%emt 00:00:02]} Kf5 {[%clk 00:02:37]} {[%emt 00:00:01]} 61. g4+
{[%clk 00:04:06]} {[%emt 00:00:01]} 1-0

[Event "Kadettlandskamp NOR-SWE A 2018"]
[Site "NTG, Bærum, Norway"]
[Date "2018.12.16"]
[Round "9.5"]
[White "Kaasen, Tor Fredrik"]
[Black "Trost, Edvin"]
[Result "1-0"]
[WhiteTitle "IM"]
[WhiteFideId "1516647"]
[BlackFideId "1729519"]
[WhiteElo "2106"]
[BlackElo "1856"]

1. d4 {[%clk 00:15:16]} {[%emt 00:00:02]} Nf6 {[%clk 00:15:15]} {[%emt
00:00:05]} 2. c4 {[%clk 00:15:24]} {[%emt 00:00:03]} g6 {[%clk 00:15:23]}
{[%emt 00:00:02]} 3. Nc3 {[%clk 00:15:30]} {[%emt 00:00:03]} d5 {[%clk
00:15:30]} {[%emt 00:00:04]} 4. cxd5 {[%clk 00:15:22]} {[%emt 00:00:18]} Nxd5
{[%clk 00:15:38]} {[%emt 00:00:02]} 5. e4 {[%clk 00:15:29]} {[%emt 00:00:03]}
Nxc3 {[%clk 00:15:42]} {[%emt 00:00:07]} 6. bxc3 {[%clk 00:15:36]} {[%emt
00:00:02]} Bg7 {[%clk 00:15:50]} 7. Qa4+ {[%clk 00:15:19]} {[%emt 00:00:27]}
Nd7 {[%clk 00:15:37]} {[%emt 00:00:24]} 8. Nf3 {[%clk 00:15:26]} {[%emt
00:00:03]} O-O {[%clk 00:15:31]} {[%emt 00:00:16]} 9. Be2 {[%clk 00:15:31]}
{[%emt 00:00:05]} c5 {[%clk 00:15:17]} {[%emt 00:00:24]} 10. O-O {[%clk
00:14:54]} {[%emt 00:00:47]} cxd4 {[%clk 00:14:39]} {[%emt 00:00:48]} 11. cxd4
{[%clk 00:15:02]} {[%emt 00:00:02]} Nc5 {[%clk 00:14:48]} {[%emt 00:00:01]} 12.
dxc5 {[%clk 00:14:44]} {[%emt 00:00:28]} Bxa1 {[%clk 00:14:53]} {[%emt
00:00:05]} 13. e5 {[%clk 00:14:53]} {[%emt 00:00:01]} Bc3 {[%clk 00:13:35]}
{[%emt 00:01:25]} 14. Qf4 {[%clk 00:14:47]} {[%emt 00:00:18]} Bf5 {[%clk
00:09:17]} {[%emt 00:04:27]} 15. Bc4 {[%clk 00:12:07]} {[%emt 00:02:52]} Kh8
{[%clk 00:09:08]} {[%emt 00:00:19]} 16. Qe3 {[%clk 00:09:55]} {[%emt 00:02:20]}
Qa5 {[%clk 00:07:22]} {[%emt 00:01:58]} 17. Ng5 {[%clk 00:07:16]} {[%emt
00:02:50]} f6 {[%clk 00:07:06]} {[%emt 00:00:25]} 18. exf6 {[%clk 00:06:49]}
{[%emt 00:00:37]} exf6 {[%clk 00:07:06]} {[%emt 00:00:10]} 19. Nxh7 {[%clk
00:05:47]} {[%emt 00:01:12]} g5 {[%clk 00:05:54]} {[%emt 00:01:22]} 20. Nxf8
{[%clk 00:05:47]} {[%emt 00:00:10]} Rxf8 {[%clk 00:06:03]} 21. Qf3 {[%clk
00:05:35]} {[%emt 00:00:21]} Qxc5 {[%clk 00:05:55]} {[%emt 00:00:19]} 22. Qxc3
{[%clk 00:05:42]} {[%emt 00:00:02]} b5 {[%clk 00:05:39]} {[%emt 00:00:26]} 23.
Ba3 {[%clk 00:05:52]} {[%emt 00:00:01]} Qxc4 {[%clk 00:04:33]} {[%emt
00:01:17]} 24. Qxc4 {[%clk 00:06:01]} {[%emt 00:00:01]} bxc4 {[%clk 00:04:42]}
{[%emt 00:00:01]} 25. Bxf8 {[%clk 00:06:09]} c3 {[%clk 00:04:51]} 26. Rc1
{[%clk 00:06:15]} {[%emt 00:00:05]} c2 {[%clk 00:04:59]} {[%emt 00:00:02]} 27.
Kf1 {[%clk 00:06:23]} {[%emt 00:00:02]} Kg8 {[%clk 00:05:05]} {[%emt 00:00:03]}
28. Bb4 {[%clk 00:06:32]} {[%emt 00:00:02]} Kf7 {[%clk 00:05:14]} {[%emt
00:00:02]} 29. Ke2 {[%clk 00:06:41]} {[%emt 00:00:01]} Ke6 {[%clk 00:05:23]} 30.
Kd2 {[%clk 00:06:50]} Kd5 {[%clk 00:05:32]} 31. Rxc2 {[%clk 00:06:59]} {[%emt
00:00:01]} 1-0

[Event "Kadettlandskamp NOR-SWE A 2018"]
[Site "NTG, Bærum, Norway"]
[Date "2018.12.16"]
[Round "9.6"]
[White "Nordquelle, Daniel"]
[Black "Wernberg, Hugo"]
[Result "1-0"]
[WhiteTitle "FM"]
[WhiteFideId "1519042"]
[BlackFideId "1737511"]
[WhiteElo "2020"]
[BlackElo "1796"]

1. e4 {[%clk 00:15:18]} {[%emt 00:00:02]} c5 {[%clk 00:15:19]} {[%emt
00:00:02]} 2. Ne2 {[%clk 00:15:27]} {[%emt 00:00:01]} g6 {[%clk 00:15:27]}
{[%emt 00:00:02]} 3. g3 {[%clk 00:15:33]} {[%emt 00:00:05]} Bg7 {[%clk
00:15:35]} {[%emt 00:00:02]} 4. Bg2 {[%clk 00:15:42]} {[%emt 00:00:01]} Nc6
{[%clk 00:15:40]} {[%emt 00:00:04]} 5. c3 {[%clk 00:15:50]} {[%emt 00:00:01]}
e6 {[%clk 00:15:32]} {[%emt 00:00:19]} 6. O-O {[%clk 00:15:24]} {[%emt
00:00:36]} Nge7 {[%clk 00:15:40]} {[%emt 00:00:02]} 7. d4 {[%clk 00:15:33]}
{[%emt 00:00:01]} cxd4 8. cxd4 {[%clk 00:15:41]} d5 {[%clk 00:15:55]} {[%emt
00:00:03]} 9. e5 {[%clk 00:15:46]} {[%emt 00:00:06]} O-O {[%clk 00:16:02]}
{[%emt 00:00:02]} 10. Nbc3 {[%clk 00:15:54]} {[%emt 00:00:03]} h6 {[%clk
00:15:44]} {[%emt 00:00:28]} 11. h4 {[%clk 00:15:42]} {[%emt 00:00:21]} b6
{[%clk 00:15:49]} {[%emt 00:00:06]} 12. Bf4 {[%clk 00:15:47]} {[%emt 00:00:04]}
Ba6 {[%clk 00:15:57]} {[%emt 00:00:02]} 13. Qd2 {[%clk 00:15:56]} {[%emt
00:00:02]} Bxe2 {[%clk 00:16:05]} {[%emt 00:00:02]} 14. Nxe2 {[%clk 00:16:04]}
{[%emt 00:00:02]} Kh7 {[%clk 00:16:06]} {[%emt 00:00:09]} 15. Nc3 {[%clk
00:15:52]} {[%emt 00:00:22]} a6 {[%clk 00:16:00]} {[%emt 00:00:16]} 16. Rac1
{[%clk 00:15:55]} {[%emt 00:00:07]} b5 {[%clk 00:16:07]} {[%emt 00:00:02]} 17.
Nd1 {[%clk 00:15:45]} {[%emt 00:00:21]} Qb6 {[%clk 00:16:08]} {[%emt 00:00:09]}
18. Be3 {[%clk 00:10:06]} {[%emt 00:05:49]} Nf5 {[%clk 00:16:03]} {[%emt
00:00:14]} 19. Kh1 {[%clk 00:10:13]} {[%emt 00:00:03]} Ncxd4 {[%clk 00:15:05]}
{[%emt 00:01:09]} 20. Bf4 {[%clk 00:09:22]} {[%emt 00:01:01]} Nc6 {[%clk
00:14:23]} {[%emt 00:00:51]} 21. h5 {[%clk 00:09:13]} {[%emt 00:00:20]} g5
{[%clk 00:14:21]} {[%emt 00:00:12]} 22. Be3 {[%clk 00:08:30]} {[%emt 00:00:53]}
Nxe3 {[%clk 00:14:28]} {[%emt 00:00:02]} 23. Nxe3 {[%clk 00:08:37]} {[%emt
00:00:04]} Nxe5 {[%clk 00:14:32]} {[%emt 00:00:06]} 24. f4 {[%clk 00:08:37]}
{[%emt 00:00:09]} gxf4 {[%clk 00:14:19]} {[%emt 00:00:23]} 25. gxf4 {[%clk
00:08:42]} {[%emt 00:00:06]} Nc4 {[%clk 00:14:07]} {[%emt 00:00:22]} 26. Qd3+
{[%clk 00:08:12]} {[%emt 00:00:40]} Kg8 {[%clk 00:14:04]} {[%emt 00:00:13]} 27.
Ng4 {[%clk 00:08:11]} {[%emt 00:00:10]} f5 {[%clk 00:13:16]} {[%emt 00:00:59]}
28. Nh2 {[%clk 00:05:59]} {[%emt 00:02:22]} Nxb2 {[%clk 00:12:46]} {[%emt
00:00:39]} 29. Qg3 {[%clk 00:05:56]} {[%emt 00:00:13]} Nc4 {[%clk 00:12:10]}
{[%emt 00:00:46]} 30. Rg1 {[%clk 00:05:16]} {[%emt 00:00:50]} Qc7 {[%clk
00:10:45]} {[%emt 00:01:34]} 31. Nf3 {[%clk 00:05:06]} {[%emt 00:00:22]} Qf7
{[%clk 00:08:54]} {[%emt 00:02:01]} 32. Bh3 {[%clk 00:05:03]} {[%emt 00:00:14]}
Rfd8 {[%clk 00:08:23]} {[%emt 00:00:39]} 33. Rc2 {[%clk 00:04:56]} {[%emt
00:00:17]} Ra7 {[%clk 00:07:44]} {[%emt 00:00:50]} 34. Rcg2 {[%clk 00:04:17]}
{[%emt 00:00:49]} Kh7 {[%clk 00:06:18]} {[%emt 00:01:36]} 35. Qh4 {[%clk
00:02:28]} {[%emt 00:01:59]} Bf6 {[%clk 00:05:08]} {[%emt 00:01:20]} 36. Ng5+
{[%clk 00:02:37]} {[%emt 00:00:02]} hxg5 37. fxg5 {[%clk 00:02:46]} Bxg5 {[%clk
00:04:16]} {[%emt 00:00:20]} 38. Rxg5 {[%clk 00:02:54]} {[%emt 00:00:02]} Raa8
{[%clk 00:02:50]} {[%emt 00:01:35]} 39. h6 {[%clk 00:02:17]} {[%emt 00:00:46]}
Kh8 {[%clk 00:01:50]} {[%emt 00:01:10]} 40. h7 {[%clk 00:02:20]} {[%emt
00:00:08]} Qxh7 {[%clk 00:01:34]} {[%emt 00:00:26]} 41. Rh5 {[%clk 00:02:28]}
{[%emt 00:00:02]} 1-0